Health financing revisited : a practitioner's guide (Record no. 70985)

000 -LEADER
fixed length control field 00491nam a22001817a 4500
003 - CONTROL NUMBER IDENTIFIER
control field NUST - PNEC
005 - DATE AND TIME OF LATEST TRANSACTION
control field 20170116181152.0
008 - FIXED-LENGTH DATA ELEMENTS--GENERAL INFORMATION
fixed length control field 151201b xxu||||| |||| 00| 0 eng d
020 ## - INTERNATIONAL STANDARD BOOK NUMBER
International Standard Book Number 9780821365854
040 ## - CATALOGING SOURCE
Transcribing agency LIBRARY
082 ## - DEWEY DECIMAL CLASSIFICATION NUMBER
Classification number 362.10681 GOT
100 ## - MAIN ENTRY--PERSONAL NAME
9 (RLIN) 15490
Personal name Gottret, Pablo E
245 ## - TITLE STATEMENT
Title Health financing revisited : a practitioner's guide
Statement of responsibility, etc. Pablo E,Gottret
250 ## - EDITION STATEMENT
Edition statement -
260 ## - PUBLICATION, DISTRIBUTION, ETC.
Date of publication, distribution, etc. c 2006
650 ## - SUBJECT ADDED ENTRY--TOPICAL TERM
9 (RLIN) 15491
Topical term or geographic name entry element Medical care--Finance
General subdivision General
942 ## - ADDED ENTRY ELEMENTS (KOHA)
Source of classification or shelving scheme
Koha item type Book
Holdings
Withdrawn status Lost status Source of classification or shelving scheme Damaged status Not for loan Permanent Location Current Location Shelving location Date acquired Source of acquisition Total Checkouts Full call number Barcode Date last seen Price effective from Koha item type
          Pakistan Navy Engineering College (PNEC) Pakistan Navy Engineering College (PNEC)   12/01/2015 Donated   362.10681 GOT PNECLIB-032184 12/01/2015   Book
© 2023 Central Library, National University of Sciences and Technology. All Rights Reserved.